Thiết kế đồ họa định hướng đối tượng với C++ Đồ họa máy tính trong ngôn ngữ C
Sparad:
| Huvudupphovsman: | |
|---|---|
| Materialtyp: | Bok |
| Språk: | Undetermined |
| Publicerad: |
Hà Nội
Giáo Dục
2000
|
| Ämnen: | |
| Taggar: |
Lägg till en tagg
Inga taggar, Lägg till första taggen!
|
| Thư viện lưu trữ: | Trung tâm Học liệu Trường Đại học Cần Thơ |
|---|
| LEADER | 00641nam a2200181Ia 4500 | ||
|---|---|---|---|
| 001 | CTU_40282 | ||
| 008 | 210402s9999 xx 000 0 und d | ||
| 082 | |a 005.133 | ||
| 082 | |b Đ552 | ||
| 100 | |a Huỳnh Văn Đức | ||
| 245 | 0 | |a Thiết kế đồ họa định hướng đối tượng với C++ | |
| 245 | 0 | |b Đồ họa máy tính trong ngôn ngữ C | |
| 245 | 0 | |c Huỳnh Văn Đức | |
| 260 | |a Hà Nội | ||
| 260 | |b Giáo Dục | ||
| 260 | |c 2000 | ||
| 650 | |a c++ ( computer program language ),computer graphics - computer programs | ||
| 980 | |a Trung tâm Học liệu Trường Đại học Cần Thơ | ||